Effectif Stade Toulousain 2026 - Statistics

General Stats
  • This quiz has been taken 4 times
  • The average score is 56 of 60
Answer Stats
Poste Nationalité Statut Match Joué Answer % Correct
Troisieme Ligne France International 20 Alexandre Roumat
100%
Arrière Italie International 8 Ange Capuozzo
100%
Troisieme Ligne France International 13 Anthony Jelonch
100%
Demi de mêlée France International 8 Antoine Dupont
100%
Pilier Gauche France Espoir 9 Benjamin Bertrand
100%
Arrière Ecosse International 16 Blair Kinghorn
100%
Centre France Espoir 5 Celian Pouzelgues
100%
Deuxième Ligne France Pro 15 Clement Vergé
100%
Pilier Gauche France International 11 Cyril Baille
100%
Pilier Gauche/Droit USA International 12 David Ainu'u
100%
Président France Didier Lacroix
100%
Ailier France Pro 13 Dimitri Delibes
100%
Pilier Droit France International 15 Dorian Aldegheri
100%
Deuxième Ligne Argentine International 14 Efrain Elias
100%
Deuxième Ligne France International 11 Emmanuel Meafou
100%
Troisieme Ligne France International 3 François Cros
100%
Pilier Droit France International 9 Georges-Henri Colombe
100%
Talonneur France International 12 Guillaume Cramont
100%
Troisieme Ligne Angleterre International 17 Jack Willis
100%
Pilier Droit Espagne International 11 Joël Merkler
100%
Deuxième Ligne France International 15 Joshua Brennan
100%
Arrière Argentine International 2 Juan-Cruz Mallia
100%
Talonneur France International 11 Julien Marchand
100%
Centre France International 15 Kalvin Gourgues
100%
Troisieme Ligne France Pro 19 Léo Banos
100%
Centre France Espoir 3 Lucas Vignères
100%
Talonneur/pilier Australie Espoir 2 Malachi Hawkes
100%
Troisieme Ligne France Espoir 11 Mathis Castro-Ferreira
100%
Arrière Belgique International 2 Matias Remue
100%
Ailier France International 14 Matthis Lebel
100%
Demi de mêlée Japon International 11 Naoto Saito
100%
Demi de mêlée France Espoir 0 Nathan Llaveria
100%
Ailier France Pro 2 Nelson Epée
100%
Centre France Pro 13 Paul Costes
100%
Demi de mêlée France Pro 22 Paul Graou
100%
Pilier Droit/Gauche France International 7 Paul Mallez
100%
Talonneur France International 5 Peato Mauvaka
100%
Centre France International 9 Pierre-Louis Barassi
100%
Centre Tonga International 5 Pita Ahki
100%
Pilier Gauche France International 13 Rodrigue Neti
100%
Demi d'ouverture France International 11 Romain Ntamack
100%
Centre Argentine International 9 Santiago Chocobares
100%
Centre/Ailier France International 16 Teddy Thomas
100%
Troisieme Ligne France Pro 11 Théo Ntamack
100%
Deuxième Ligne France International 13 Thibaud Flament
100%
Talonneur France Espoir 14 Thomas Lacombre
100%
Arrière France International 14 Thomas Ramos
100%
Pilier Droit Argentine International 1 Tomas Rapetti
100%
Entraineur France Ugo Mola
100%
Demi d'ouverture France Espoir 4 Valentin Delpy
100%
Deuxième Ligne France Espoir 0 Alban Portat
67%
Ailier France Espoir 1 Jérémy Nemor
67%
Demi d'ouverture Espagne International 2 Lucien Richardis
67%
Troisieme Ligne France Espoir 0 Marceau Marzullo
67%
Troisieme Ligne France Espoir 3 Roméo Martin-Bonnard
67%
Troisieme Ligne France Espoir 0 Sialevailea Tolofua
67%
Demi de mêlée France Espoir 0 Simon Daroque
67%
Pilier Gauche France Espoir 0 Hugo Reilhès
33%
Centre France Espoir 1 Mathis Gil
33%
Arrière France Espoir 1 Thomas Alary
33%
No matching quizzes found
Score Distribution
Percent of People with Each Score
Percentile by Number Answered
Your Score History
You have not taken this quiz